Exam view Pro : Go for it: Level 1 & 2 Assessment CD-ROM
সংরক্ষণ করুন:
| প্রধান লেখক: | |
|---|---|
| বিন্যাস: | গ্রন্থ |
| ভাষা: | Undetermined |
| প্রকাশিত: |
Boston, MA
Thomson/Heinle
2005
|
| বিষয়গুলি: | |
| ট্যাগগুলো: |
ট্যাগ যুক্ত করুন
কোনো ট্যাগ নেই, প্রথমজন হিসাবে ট্যাগ করুন!
|
| Thư viện lưu trữ: | Trung tâm Học liệu Trường Đại học Cần Thơ |
|---|
| LEADER | 00613nam a2200217Ia 4500 | ||
|---|---|---|---|
| 001 | CTU_124462 | ||
| 008 | 210402s9999 xx 000 0 und d | ||
| 020 | |c 680000 | ||
| 082 | |a 428.34 | ||
| 082 | |b N972as | ||
| 100 | |a Nunan, David | ||
| 245 | 0 | |a Exam view Pro : Go for it: Level 1 & 2 | |
| 245 | 0 | |b Assessment CD-ROM | |
| 245 | 0 | |c David Nunan and Ivor Williams | |
| 260 | |a Boston, MA | ||
| 260 | |b Thomson/Heinle | ||
| 260 | |c 2005 | ||
| 650 | |a English language,Listening | ||
| 650 | |x Study and teaching,Foreign speakers | ||
| 904 | |i Minh | ||
| 980 | |a Trung tâm Học liệu Trường Đại học Cần Thơ | ||